000 00380nam a2200145 i 4500
001 bg
100 1 _aIngarden, Roman
_d(1893-1970).
245 0 _aSpór o istnienie świata.
_nT. 1,
_pOntologia egzystencjalna /
_cR. Ingarden.
250 _aWyd. 3 zm.
260 _aWarszawa,
_c1987.
040 _cBPK
041 _apol
942 _cKS
008 s pl f |000 0 pol
999 _c23725
_d23725
856 _uhttp://koha.tu.koszalin.pl/cgi-bin/koha/opac-detail.pl?biblionumber=23725
_yKatalog online BPK